00522nam a22001932 4500001001100000005001700011008004100028020001700069040001500086100003000101245003500131250001200166260003100178300001700209650003000226650003500256650003400291852000300325000002459320151217145949.0140109s xx 000 0 eng d a0195370910 : aKABUcKABU1 aTeitel, Ruti.@000018492610aHumanity's law /cRuti Teitel. a1st ed. aOxford :bO. U. P.,c2011. axii, 304 p. 0aHuman rights.@0000150298 0aInternational law.@0000158696 0aHumanitarian law.@00001815461